000
00281nam a22001217a 4500
082
_a
621.69 ADD'R
100
_a
ADDISON, H
_9
56533
245
_a
ROTODYNAMIC PUMPS CENTRIFGAL AND OTHERS
250
_a
3RD
260
_a
LONDON
_b
CHAPMAN & HALL
_c
1966
300
_a
565P
942
_c
BK
999
_c
566923
_d
566923